Football players with most World Cup goals - Statistieken

Algemene statistieken
  • Deze quiz is 61 keer genomen
  • De gemiddelde score is 5 van 15
Antwoordstatistieken
Scored Antwoord % Correct
13 Messi
96%
15 Ronaldo
93%
12 Mbappé
69%
12 Pelé
62%
16 Klose
58%
14 Gerd Müller
42%
10 Thomas Müller
42%
13 Fontaine
9%
10 Lineker
4%
10 Batistuta
2%
11 Kocsis
2%
10 Cubillas
0%
11 Klinsmman
0%
10 Lato
0%
10 Rahn
0%
Geen overeenkomende quizzen gevonden
Scoreverdeling
Procent van Mensen met Elke Score
Percentiel versus Aantal Correcte Antwoorden
Uw Scoregeschiedenis
U heeft deze quiz nog niet genomen